At risk : (Record no. 541470)

000 -LEADER
fixed length control field 00853cam a22002294a 4500
020 ## - INTERNATIONAL STANDARD BOOK NUMBER
International Standard Book Number 0415252156 (alk. paper)
020 ## - INTERNATIONAL STANDARD BOOK NUMBER
International Standard Book Number 0415252164 (pbk. : alk. paper)
082 00 - DEWEY DECIMAL CLASSIFICATION NUMBER
Classification number 363.34
Author Mark WIS
-- N-02 , P-31
100 ## - MAIN ENTRY--PERSONAL NAME
Personal name Wisner ,Ben . editr
9 (RLIN) 36385
245 00 - TITLE STATEMENT
Title At risk :
Remainder of title natural hazards, people's vulnerability, and disasters /
Statement of responsibility, etc. Ben Wisner ... [et al.].
250 ## - EDITION STATEMENT
Edition statement 2nd ed.
260 ## - PUBLICATION, DISTRIBUTION, ETC.
Place of publication, distribution, etc. London ;
-- New York :
Name of publisher, distributor, etc. Routledge,
Date of publication, distribution, etc. c2004.
300 ## - PHYSICAL DESCRIPTION
Extent xix, 471 p. :
Other physical details ill., maps ;
Dimensions 24 cm.
526 ## - STUDY PROGRAM INFORMATION NOTE
Program name 0
Interest level 0
Reading level 0
Title point value 363_340000000000000_WIS
526 ## - STUDY PROGRAM INFORMATION NOTE
Program name 0
Interest level 0
Reading level 0
Title point value 363_340000000000000_WIS
650 #0 - SUBJECT ADDED ENTRY--TOPICAL TERM
Topical term or geographic name entry element Natural disasters.
9 (RLIN) 30297
650 #0 - SUBJECT ADDED ENTRY--TOPICAL TERM
Topical term or geographic name entry element NUST
9 (RLIN) 6342
700 1# - ADDED ENTRY--PERSONAL NAME
Personal name Wisner, Benjamin.
9 (RLIN) 36386
856 41 - ELECTRONIC LOCATION AND ACCESS
Uniform Resource Identifier <a href="http://www.loc.gov/catdir/toc/ecip043/2003009175.html">http://www.loc.gov/catdir/toc/ecip043/2003009175.html</a>
856 42 - ELECTRONIC LOCATION AND ACCESS
Uniform Resource Identifier <a href="http://www.loc.gov/catdir/enhancements/fy0650/2003009175-d.html">http://www.loc.gov/catdir/enhancements/fy0650/2003009175-d.html</a>
942 ## - ADDED ENTRY ELEMENTS (KOHA)
Source of classification or shelving scheme
Koha item type Book
Holdings
Withdrawn status Lost status Source of classification or shelving scheme Damaged status Not for loan Permanent Location Current Location Date acquired Total Checkouts Full call number Barcode Date last seen Date last checked out Price effective from Koha item type Shelving location Public note
          Military College of Engineering (MCE) Military College of Engineering (MCE) 11/26/2014 2 363.34 WIS MCE-46265 10/07/2020 10/11/2017 11/26/2014 Book    
          Military College of Engineering (MCE) Military College of Engineering (MCE) 07/30/2013 3 363.34 WIS MCE-47930 11/28/2019 11/06/2019 03/14/2021 Book Reference 01
© 2023 Central Library, National University of Sciences and Technology. All Rights Reserved.